Corpus Christi (Record no. 49036)

MARC details
000 -LEADER
campo de control de longitud fija 00456nam a2200145 i 4500
001 - NÚMERO DE CONTROL
campo de control 49036
003 - IDENTIFICADOR DE NÚMERO DE CONTROL
campo de control ES-MaACL
005 - FECHA Y HORA DE LA ÚLTIMA TRANSACCIÓN
campo de control 20230906161853.0
007 - CAMPO FIJO DE DESCRIPCIÓN FÍSICA--INFORMACIÓN GENERAL
campo de control de longitud fija t|
008 - DATOS DE LONGITUD FIJA--INFORMACIÓN GENERAL
campo de control de longitud fija 030704s1944 sp ||||1| spa d
245 00 - MENCIÓN DEL TÍTULO
Título Corpus Christi
Resto del título : Toledo 1944 : Ciclo de conferencias preparatorio a la Fiesta del Corpus.
260 ## - PUBLICACIÓN, DISTRIBUCIÓN, ETC.
Lugar de publicación, distribución, etc. [Toledo] :
Nombre del editor, distribuidor, etc. Ayuntamiento :
-- Edit. Católica Toledana,
Fecha de publicación, distribución, etc. [1944]
300 ## - DESCRIPCIÓN FÍSICA
Extensión 80 p., 5 lám. ;
Dimensiones 22 cm.
852 ## - LOCALIZACIÓN
Ubicación ES-MaACL
Número de control de estantería C-14947
Holdings
Estatus retirado Estado de pérdida Estado de daño No para préstamo Biblioteca de origen Biblioteca actual Ubicación en estantería Fecha de adquisición Fuente de adquisición Total de préstamos Signatura topográfica completa Código de barras Visto por última vez Precio de reemplazo Tipo de ítem Koha
        Biblioteca del Ateneo de Madrid Biblioteca del Ateneo de Madrid Ficheros 17/01/2008     C-14947 1051603 23/02/2023 23/02/2023 Libro impreso